[Event "Basses Vallees Angevines op 4th"]
[Site "Cantenay Epinard"]
[Date "2015.12.19"]
[Round "1"]
[White "Andre, Victoria"]
[Black "Pantenier, Bernard"]
[Result "1-0"]
[WhiteElo "1380"]
[BlackElo "1245"]
[PlyCount "83"]
[EventDate "2015.12.19"]
[EventType "swiss"]
[EventRounds "5"]
[EventCountry "FRA"]
[SourceTitle "EXT 2019"]
[Source "ChessBase"]
[SourceDate "2018.10.10"]
[SourceVersion "1"]
[SourceVersionDate "2018.10.10"]
[SourceQuality "1"]

1. e4 d5 2. exd5 Qxd5 3. Nc3 Qa5 4. d4 Bf5 5. Bc4 c6 6. Nf3 h6 7. 0-0 e6 8. Bd2 Nf6 9. Nd5 Qd8 10. Nxf6+ Qxf6 11. Re1 Bg4 12. Bc3 Bxf3 13. Qxf3 Qxf3 14. gxf3 Nd7 15. d5 cxd5 16. Bxd5 Nb6 17. Bxb7 Rb8 18. Bc6+ Ke7 19. Rad1 Rc8 20. Bb5 a5 21. Bxa5 Rb8 22. Bc3 f6 23. Bd3 Kf7 24. Be4 f5 25. Bc6 Rg8 26. Bd7 Nxd7 27. Rxd7+ Be7 28. a3 g5 29. Bb4 Rge8 30. Bxe7 Rxe7 31. Rxe7+ Kxe7 32. b4 Rc8 33. Rc1 Rc3 34. a4 Rc4 35. Rb1 Kd6 36. a5 Rxc2 37. a6 Ra2 38. b5 Ke5 39. b6 Rxa6 40. b7 Kf4 41. b8Q+ Kxf3 42. Qb7+ 1-0